Polskie kolędy - Statystyki

Ogólne statystyki
  • Ten quiz został rozwiązany 259 razy
  • Średni wynik to 11 z 27
Statystyki odpowiedzi
Kolęda Fragment % Poprawnych
Cicha noc ...święta noc, pokój niesie ludziom wszem...
83%
Bóg się rodzi ...moc truchleje, Pan niebiosów obnażony...
80%
Lulajże, Jezuniu ...moja Perełko. Lulaj, ulubione me Pieścidełko...
75%
Do szopy, hej pasterze ...do szopy, bo tam cud. Syn Boży w żłobie leży, by zbawić ludzki ród...
74%
Gdy śliczna Panna ...Syna kołysała, z wielkim weselem tak jemu śpiewała...
62%
Jezus malusieńki ...leży wśród stajenki. Płacze z zimna, nie dała mu Matula sukienki...
62%
Dzisiaj w Betlejem ...wesoła nowina, że Panna czysta porodziła syna...
60%
Gdy się Chrystus rodzi ...i na świat przychodzi. Ciemna noc w jasności promienistej brodzi...
59%
Mędrcy świata ...monarchowie, gdzie śpiesznie dążycie?
55%
Mizerna cicha ...stajenka licha, pełna niebieskiej chwały...
52%
Pójdźmy wszyscy do stajenki ...do Jezusa i Panienki. Powitajmy Maleńkiego i Maryję, matkę Jego...
52%
A wczora z wieczora ...z niebieskiego dwora, z niebieskiego dwora przyszła nam nowina...
47%
Przybieżeli do Betlejem ...pasterze, grając skocznie Dzieciąteczku na lirze...
42%
Gore gwiazda Jezusowi ...w obłoku w obłoku. Józef z Marią asystują przy boku przy boku...
36%
Oj, maluśki, maluśki ...jako rękawicka. Alboli tyz jakoby, jakoby kawałecek smycka...
35%
Anioł pasterzom mówił ...Chrystus się wam narodził w Betlejem nie bardzo podłym mieście...
34%
Bracia patrzcie jeno ...jak niebo goreje! Znać, że coś dziwnego w Betlejem się dzieje...
33%
Wśród nocnej ciszy ...głos się rozchodzi. Wstańcie, pasterze, Bóg się wam rodzi!
33%
Ach, ubogi żłobie ...cóż ja widzę w tobie, droższy widok niż ma niebo, w maleńkiej osobie
30%
Nie było miejsca dla Ciebie ...w Betlejem w żadnej gospodzie...
27%
W żłobie leży ...któż pobieży kolędować Małemu Jezusowi Chrystusowi...
26%
Tryumfy Króla Niebieskiego ...zstąpiły z nieba wysokiego, pobudziły pasterzów, dobytku swego stróżów...
25%
Skrzypi wóz ...wielki mróz, wielki mróz na ziemi...
23%
Nowy rok bieży ...w jasełkach leży... A kto, kto?
15%
Z narodzenia Pana ...dzień dziś wesoły. Wyśpiewują chwałę Bogu żywioły...
15%
Północ już była ...gdy się zjawiła nad bliską doliną jasna łuna...
6%
Narodził się Jezus Chrystus ...bądźmy weseli. Chwałę Mu na wysokości nucą Anieli...
3%
Nie znaleziono quizów pasujących do podanych kryteriów
Rozkład punktacji
Procent ludzi z każdym wynikiem
Percentyl według liczby udzielonych odpowiedzi
Twoja historia wyników
Nie rozwiązałeś tego quizu